| 000 | 00485nam a2200157 a 4500 | ||
|---|---|---|---|
| 001 | 000038614 | ||
| 003 | OSt | ||
| 005 | 20260321073642.0 | ||
| 008 | 130416s1999 dr 000 0 spa d | ||
| 040 |
_aDO-SdBNP _bspa _cBNPHU |
||
| 100 | 1 |
_a Bosch, Juan, _d1909-2001 _976555 |
|
| 245 | 1 | 0 |
_aJuan Bosch : _btres artículos sobre vanguardia / _cJuan Bosch. |
| 260 |
_aSanto Domingo : _bComisión de Publicaciones del Comité Central, _c1999. |
||
| 300 |
_a46 p. ; _c21 cm. |
||
| 942 |
_2ddc _cLBS1 |
||
| 999 |
_c38104 _d38104 |
||